000 00811cam a2200217 4500
001 WB3746-06
008 011204n2001 000 0 eng u
035 _a(Sirsi) u115848
245 _aFirms should link up says Egan
260 _c2001
490 _aBuilding
_v266(48) 30 November 2001, 15(1)
520 _aStrategic Forum meeting recommends firms form 'clusters' that specialise in certain types of buildings such as offices and hotels. This is to create one-stop shops for designing and building projects and gives the industry Egan-style efficiencies that repeat clients are demanding.
590 _aWB
650 _aCLUSTERS
650 _aBAA
650 _aSAINSBURY
650 _aCONFEDERATION OF CONSTRUCTION CLIENTS
650 _aEGAN REFORMS
690 _aProcurement
_96260
942 _n0
999 _c69014
_d69014